Silent Night Lyrics - Statistics

General Stats
  • This quiz has been taken 92 times
    87 since last reset
  • The average score is 57 of 90
Answer Stats
Answer % Correct
holy
100%
holy
100%
holy
100%
holy
100%
holy
100%
night
100%
night
100%
night
100%
night
100%
night
100%
night
100%
Silent
100%
Silent
100%
Silent
100%
all
96%
all
96%
is
96%
is
96%
is
96%
is
96%
sleep
93%
sleep
93%
calm
91%
in
91%
in
91%
bright
90%
heaven
90%
peace
90%
peace
90%
heavenly
88%
heavenly
88%
heavenly
88%
and
87%
and
87%
so
84%
virgin
81%
child
78%
mother
78%
tender
76%
infant
75%
mild
75%
round
75%
the
68%
the
68%
the
68%
the
68%
yon
68%
Jesus
53%
Jesus
53%
Christ
49%
Christ
49%
of
49%
of
49%
at
46%
at
46%
at
46%
born
44%
born
44%
God
43%
Savior
41%
Savior
41%
sing
41%
thy
41%
thy
41%
thy
41%
Son
40%
sight
38%
from
35%
from
35%
light
35%
quake
35%
host
34%
Lord
32%
Lord
32%
loves
31%
pure
31%
birth
29%
birth
29%
with
28%
Alleluia
26%
beams
26%
face
26%
dawn
25%
grace
25%
radiant
25%
redeeming
24%
afar
22%
glories
22%
shepards
19%
streams
15%
No matching quizzes found
Score Distribution
Percent of People with Each Score
Percentile by Number Answered
Your Score History
You have not taken this quiz since the last reset